000 00781nam a2200289Ia 4500
005 20260324132252.0
008 008 260324s9999 xx 000 0 eng d
020 _a9781936331185
037 _aEBOOK
040 _aCRL
040 _beng
040 _cCRL
041 _2eng
041 _aeng
084 _qCRL
100 _aKatrina Smith Korfmacher; Cassandra Moseley; Craig W. Thomas; Toddi A. Steelman; Tomas M. Koontz; JoAnn Carmin
_91188643
245 0 _aCollaborative Environmental Management
245 0 _bWhat Roles for Government-1
260 _bTaylor and Francis
260 _c2005
365 _a
365 _b165
856 _uhttp://www.taylorfrancis.com/books/9781936331185
942 _cEBOOK
999 _c1786615
_d1786615